| 000 | 00942nam a2200313Ia 4500 | ||
|---|---|---|---|
| 001 | Para_7036 | ||
| 003 | CHAP | ||
| 008 | 220125s1934 xx 000 0 und d | ||
| 010 | _a205863 | ||
| 040 | _cCHAP | ||
| 082 | _aPA-C 633.51 B85 | ||
| 100 |
_aWare, J.O. _9171984 |
||
| 245 |
_aControl of cotton wilt and rust / _c by J.O. Ware and V.H. Young |
||
| 260 |
_aFayetteville : _b University of Arkansas. Agricultural Experiment Station |
||
| 300 | _a23 p. | ||
| 440 |
_aBulletin; 308 _9171985 |
||
| 500 | _aEncuadernado con otros impresos similares | ||
| 650 |
_aAlgodón _x colecciones de escritos _9171878 |
||
| 650 |
_aAlgodón _x enfermedades _94006 |
||
| 650 |
_aMarchitez del algodón _971281 |
||
| 700 | _aYoung, V.H. | ||
| 901 | _aPA-C 633.51 B85 | ||
| 902 | _aA | ||
| 905 | _a0000001934 n 0000000000 00 | ||
| 910 | _a1934 | ||
| 942 | _cPARA | ||
| 942 |
_cPARA _d1 |
||
| 999 |
_c205863 _d205863 |
||